Урановые залежи на отвалах; Томские недра; № 8

Dettagli Bibliografici
Parent link:Томские недра.— : [Б. и.], 2006-
№ 8.— 2007.— С. 67
Autore principale: Арбузов С. И. Сергей Иванович
Altri autori: Машенькин В. С.
Riassunto:В фонде НТБ ТПУ отсутствует
Lingua:russo
Pubblicazione: 2007
Soggetti:
Natura: MixedMaterials Capitolo di libro
KOHA link:https://koha.lib.tpu.ru/cgi-bin/koha/opac-detail.pl?biblionumber=598123

MARC

LEADER 00000naa0a2200000 4500
001 598123
005 20250225162437.0
035 |a (RuTPU)RU\TPU\tpu\21663 
090 |a 598123 
100 |a 20120726d2007 k||y0rusy50 ca 
101 0 |a rus 
102 |a RU 
200 1 |a Урановые залежи на отвалах  |f С. И. Арбузов, В. С. Машенькин 
333 |a В фонде НТБ ТПУ отсутствует 
461 |t Томские недра  |n [Б. и.]  |d 2006- 
463 |t № 8  |v С. 67  |d 2007 
610 1 |a труды учёных ТПУ 
700 1 |a Арбузов  |b С. И.  |c российский геолог и геохимик  |c профессор Томского политехнического университета, доктор геолого-минералогических наук  |f 1959-  |g Сергей Иванович  |3 (RuTPU)RU\TPU\pers\24710  |9 10962 
701 1 |a Машенькин  |b В. С. 
801 1 |a RU  |b 63413507  |c 20120726 
942 |c CR